| 000 | 01132nam a22003257a 4500 | ||
|---|---|---|---|
| 003 | CHAP | ||
| 005 | 20220329134516.0 | ||
| 008 | 971013s1994 r 00010 d | ||
| 010 | _a21354 | ||
| 011 | _a22326 | ||
| 035 | _a26420 | ||
| 040 | _cCHAP | ||
| 090 | _aTesis | ||
| 100 | 0 | 0 |
_aCuéllar Díaz, Gabriel. _930478 |
| 245 | _aTipo de siembra y acolchado en el establecimiento, crecimiento, producción y calidad del melón [Cucumis melo L.] | ||
| 260 |
_aMarin, N. L. : _bEl autor, _c1994 |
||
| 300 |
_a116 h. _b; gráfs. |
||
| 502 | _aTesis [ M. C. Esp. en Producción Agrícola] -- Universidad Autónoma de Nuevo León. Facultad de Agronomía | ||
| 590 |
_aALEPH _b10 _c20130110 _lUCH01 _h1245 |
||
| 590 |
_aBATCH-UPD _b10 _c20130110 _lUCH01 _h0948 |
||
| 590 |
_aBATCH-UPD _b10 _c20130410 _lUCH01 _h0603 |
||
| 590 |
_aBATCH-UPD _b10 _c20130913 _lUCH01 _h1912 |
||
| 590 |
_aCONVERSION _b10 _c20130109 _lUCH01 _h1313 |
||
| 650 | 1 | 4 |
_aAcolchado de suelos. _9623 |
| 650 | 1 | 4 |
_aMelón _xCalidad. _974441 |
| 650 | 1 | 4 |
_aMelón _xRendimiento. _974477 |
| 901 | _aBK | ||
| 942 | _cTESIS | ||
| 949 |
_bBC _cTES _d-60917 _eTS1 _h27203 _i26420 _si |
||
| 999 |
_c21354 _d21354 |
||